An integrated approach to software engineering / (Record no. 309)
[ view plain ]
| 000 -LEADER | |
|---|---|
| fixed length control field | 00812nam a22002417a 4500 |
| 001 - CONTROL NUMBER | |
| control field | 309 |
| 003 - CONTROL NUMBER IDENTIFIER | |
| rucl marc code | BD-RjUL |
| 005 - DATE AND TIME OF LATEST TRANSACTION | |
| control field | 20211208233144.0 |
| 008 - FIXED-LENGTH DATA ELEMENTS--GENERAL INFORMATION | |
| fixed length control field | 131117r19951991i d|||| |||| 001 0 eng d |
| 020 ## - INTERNATIONAL STANDARD BOOK NUMBER | |
| International Standard Book Number | 8185198632 |
| 035 ## - SYSTEM CONTROL NUMBER | |
| System control number | (BD-RjUL)326 |
| 040 ## - CATALOGING SOURCE | |
| Original cataloging agency | BD-RjUL |
| Language of cataloging | eng |
| Transcribing agency | BD-RjUL |
| 041 ## - LANGUAGE CODE | |
| Language code of text/sound track or separate title | eng |
| 082 04 - DEWEY DECIMAL CLASSIFICATION NUMBER | |
| Edition number | 19 |
| Classification number | 005.1 |
| Author mark and year | JAI 1995 |
| 100 1# - MAIN ENTRY--PERSONAL NAME | |
| Personal name | Jalote, Pankaj |
| 9 (RLIN) | 982 |
| 245 1# - TITLE STATEMENT | |
| Title | An integrated approach to software engineering / |
| Statement of responsibility, etc. | Pankaj Jalote |
| 260 ## - PUBLICATION, DISTRIBUTION, ETC. (IMPRINT) | |
| Place of publication, distribution, etc. | New Delhi : |
| Name of publisher, distributor, etc. | Narosa Pub. House, |
| Date of publication, distribution, etc. | c1991 [reprinted 1991,1995]. |
| 300 ## - PHYSICAL DESCRIPTION | |
| Pagination | xiv, 375 p. : |
| Illustrations | ill. ; |
| Size | 25 cm. |
| 504 ## - BIBLIOGRAPHY, ETC. NOTE | |
| Bibliography, etc | Include index. |
| 650 ## - SUBJECT ADDED ENTRY--TOPICAL TERM | |
| Source of heading or term | SLSH |
| Topical term or geographic name as entry element | Software engineering. |
| 9 (RLIN) | 922 |
| 856 ## - ELECTRONIC LOCATION AND ACCESS | |
| Materials specified | World Cat details |
| Uniform Resource Identifier | <a href="http://www.worldcat.org/title/integrated-approach-to-software-engineering/oclc/35669286&referer=brief_results">http://www.worldcat.org/title/integrated-approach-to-software-engineering/oclc/35669286&referer=brief_results</a> |
| 942 ## - ADDED ENTRY ELEMENTS (KOHA) | |
| Source of classification or shelving scheme | Dewey Decimal Classification |
| Koha item type | Books |
| Lost status | Source of classification or shelving scheme | Damaged status | Not for loan | Collection code | Permanent Location | Current Location | Shelving location | Date acquired | Source of acquisition | Cost, normal purchase price | Total Checkouts | Full call number | Date last seen | Copy number | Koha item type |
|---|---|---|---|---|---|---|---|---|---|---|---|---|---|---|---|
| Dewey Decimal Classification | Non-fiction | Central Library, University of Rajshahi | Central Library, University of Rajshahi | 14/06/1999 | Ankur Prakaskani | 160.00 | 005.1 JAI 1995 | 17/11/2013 | C-3 | Books | |||||
| Dewey Decimal Classification | Non-fiction | Central Library, University of Rajshahi | Central Library, University of Rajshahi | 14/06/1999 | Ankur Prakaskani | 160.00 | 005.1 JAI 1998 | 17/11/2013 | C-4 | Books |